| 000 | 00392 a2200169 4500 | ||
|---|---|---|---|
| 001 | 157530 | ||
| 020 | _a978-85-93572-19-7 | ||
| 040 | _cEscola São Tomás de Aquino | ||
| 100 | _aDuarte, Sterlayni | ||
| 240 | 1 | 0 |
_aAqui, ali e acolá... _lpor |
| 245 | 1 | 0 | _aAqui, ali e acolá... |
| 300 | _a20 | ||
| 362 | 0 | _a2018 | |
| 440 | 1 | _aPáginas | |
| 697 | _aLITERATURA BRASILEIRA | ||
| 942 | _cBK | ||
| 999 |
_c157530 _d157530 |
||